000
00315nam a22001217a 4500
040
_c
Nust
082
_a
297
_b
SAS
100
_a
Maulana Ashraf Ali Thanvi
_9
114492
245
_a
شریعت و طریقت
260
_a
Lahore:
_b
Idara Islamiat,
_c
1981.
650
_a
شریعت و طریقت
_9
126056
942
_2
ddc
_c
BK
999
_c
612533
_d
612533